00193nam a22000857a 4500040000700000082000800007100001200015245005000027260003000077 cHS a361 aCOPLAND aEvaluation of large ruminants for the tropics aAustralia bCOPLANDc1984